000 00845nam a2200229Ii 4500
003 JO-AjNU
008 230605s9999||||xx |||||||||||||| ||und||
017 _a2005/2/240
040 _aJO-AjNU
_bara
_erda
_cJO-AjNU
041 _aara
050 1 4 _aBP128.16.A46 2005
100 3 _aبقلم آل نصر، محمد بن موسى,
_eauthor
_920560
245 0 0 _aالأخطاء الواقعة في قرآة سورة الفاتحة من المصلين وأئمة المساجد والقارئين نحوا من مائتي خطأ يقع فيها
250 _aط1
264 3 1 _aعمان: المؤلف، 2005
300 _a123ص
336 _atext
_btxt
_2rdacontent
337 _aunmediated
_bn
_2rdamedia
338 _avolume
_bnc
_2rdacarrier
490 0 _aسلسلة دفاعا عن القران 3
650 4 _aسورة الفاتحة
_920561
999 _aA6989
_c10557
_d10557